000 00524nam a2200193Ia 4500
005 20250508151738.0
008 008 250505s9999 xx 000 0 eng d
037 _aTextual
040 _aFEDL
_beng
_cFEDL
041 _aeng
_2eng
084 _a370.994 6, TAS
_qFEDL
245 0 _aTasmanian area school
245 0 _cTasmania. Education Department
260 _aTasmania
_bH H Pimblett
_c1942
300 _a65p
650 _aEducation
942 _cTEXL
_h370.994 6, TAS
999 _c1331865
_d1331865